| 000 | 00667nam a22001937a 4500 | ||
|---|---|---|---|
| 003 | 0 | ||
| 005 | 20230928073914.0 | ||
| 008 | 230928b xxu||||| |||| 00| 0 eng d | ||
| 020 | _a978-1-032-26184-3 | ||
| 050 |
_aRC 552 _b.M38 2023 |
||
| 100 | _aMatias, Kim | ||
| 245 |
_aThe trauma recovery toolkit : a creative approach to psychoeducation _cKim Matias |
||
| 260 |
_aLondon _bRoutledge _cc2023. |
||
| 300 |
_axii, 161 pages : _bcol. ill. ; _c30 cm. |
||
| 500 | _aPost-traumatic stress disorder--treatment. | ||
| 504 | _aIncludes bibliographical references, glossary, and index. | ||
| 650 | _aPost-traumatic stress disorder--treatment. | ||
| 942 |
_2lcc _cBK |
||
| 999 |
_c365420 _d365420 |
||